000 00394nam a2200133Ia 4500
008 220217s9999||||xx |||||||||||||| ||und||
020 _a817-808-040-0
082 _a004.638 4 TRE
100 _aTreese, Winfield, G Stewart, Lawrence, C
_91348
245 0 _aDesigning systems for internet commerce
260 _aAddison Wesley
_bHarlow
_c2000
300 _b295
650 _aCOMPUTER NETWORK
999 _c166247
_d166247